000 02321nam a22003617a 4500
001 100276
003 KnowledgeUnlatched
005 20210303105401.0
006 m o d
007 cr u||||||||||
008 210129p20162017ncu o u00| u eng d
035 _a(OCoLC)944304957
037 _5BiblioBoard
245 0 0 _aReligion and the Making of Nigeria
_cOlufemi Vaughan.
020 _a9780822373872
029 1 _ahttps://library.biblioboard.com/ext/api/media/1b2817e9-f4cc-45b8-a99e-61901e30b2a3/assets/thumbnail.jpg
040 _aScCtBLL
_cScCtBLL
100 1 _aVaughan, Olufemi
_eauthor.
264 1 _bDuke University Press,
300 _a1 online resource (332 p.)
506 0 _aAccess copy available to the general public.
_fUnrestricted
_2star
520 _aIn Religion and the Making of Nigeria, Olufemi Vaughan examines how Christian, Muslim, and indigenous religious structures have provided the essential social and ideological frameworks for the construction of contemporary Nigeria. Using a wealth of archival sources and extensive Africanist scholarship, Vaughan traces Nigeria's social, religious, and political history from the early nineteenth century to the present. During the nineteenth century, the historic Sokoto Jihad in today's northern Nigeria and the Christian missionary movement in what is now southwestern Nigeria provided the frameworks for ethno-religious divisions in colonial society. Following Nigeria's independence from Britain in 1960, Christian-Muslim tensions became manifest in regional and religious conflicts over the expansion of sharia, in fierce competition among political elites for state power, and in the rise of Boko Haram.
588 0 _aDescription based on print version record.
590 _aKU Select 2016 Front List Collection
650 7 _aHistory / Africa / West
_2bisacsh
650 0 _aHistory
655 0 _aElectronic books.
758 _iIs found in:
_aKnowledge Unlatched
_1https://openresearchlibrary.org/module/2774bc74-146a-484f-a7ba-ab1d6a09bbfb
856 4 0 _uhttps://openresearchlibrary.org/content/1b2817e9-f4cc-45b8-a99e-61901e30b2a3
_zView this content on Open Research Library.
_70
999 _c25235
_d25235